Najwięksi producenci buraków cukrowych - Statystyki

Ogólne statystyki
  • Ten quiz został rozwiązany 19 razy
  • Średni wynik to 7 z 10
Statystyki odpowiedzi
Ilość (tony) Państwo % Poprawnych
31 950 000t Niemcy
100%
15 370 000t Polska
100%
41 200 000t Rosja
94%
10 850 000t Ukraina
94%
34 370 000t Francja
88%
7 850 000t Chiny
81%
33 340 000t Stany Zjednoczone
81%
18 250 000t Turcja
44%
7 420 000t Wielka Brytania
31%
14 830 000t Egipt
6%
Nie znaleziono quizów pasujących do podanych kryteriów
Rozkład punktacji
Procent ludzi z każdym wynikiem
Percentyl według liczby udzielonych odpowiedzi
Twoja historia wyników
Nie rozwiązałeś tego quizu